| 000 | 00496nam a2200193 a 4500 | ||
|---|---|---|---|
| 001 | 7192 | ||
| 003 | CO-ViMGA | ||
| 008 | 141112s2004 ck r 000 u spa d | ||
| 040 |
_aCO-ViMGA _bspa _cCO-ViMGA |
||
| 082 | 0 | 4 | _a375 A751p |
| 100 | 1 |
_aArnaz, Jose A _96328 |
|
| 245 | 1 | 0 | _aLa planeación curricular |
| 250 | _a2a | ||
| 260 |
_aMexico : _bTrillas, _c1996 |
||
| 300 | _a74 p : il | ||
| 490 | _aCurso básico de formación de profesores, 8 | ||
| 650 | 1 | 4 |
_aCURRICULO _954044 |
| 942 |
_2ddc _cBK |
||
| 999 |
_c19157 _d19157 |
||